000 00471nam a2200169Ia 4500
003 GCL
008 140319s9999 xx 000 0 ara d
040 _aGCL /
_cGCL
082 0 4 _a929.9
_bم ا
100 1 _aمحمود مصطفى
245 1 0 _aاعجام الاعلام /
_cمحمود مصطفى
300 _a249 ص
490 _aالهيئة العامة للاستعلامات
_v0
650 0 4 _aالتراجم
650 0 4 _aاعلام العرب
942 _2ddc
_cBK
999 _c51576
_d51576